Gaming Quiz

Random Gaming or Console Quiz

Click the Video Game Controllers Quiz Stats

Quiz Updated Apr 21, 2016

Also try: Video Game Systems
Challenge
Share
Tweet
Score 0/20 Timer 03:00
42 Plays Today
% Correct
Nintendo Wii
89.1%
Nintendo Wii U
85%
Sony PlayStation 4
82%
Nintendo 64
81.2%
Sony PlayStation
81%
Sony PlayStation 3
80.8%
Microsoft Xbox 360
80.2%
Sony PlayStation 2
78.9%
Microsoft Xbox One
75.9%
Nintendo GameCube
75%
% Correct
NES
74.7%
Microsoft Xbox
73.7%
Atari 2600
72.1%
SNES
66.8%
Sega Dreamcast
61.6%
Sega Saturn
56.8%
Sega Genesis
55.1%
Atari 7800
50.5%
Sega Master System 2
49.1%
Atari Jaguar
46%

You're not logged in!

Compare scores with friends on all Sporcle quizzes.
Sign Up with Email
OR
Log In

You Might Also Like...

Show Comments

Extras

Top Quizzes Today


Score Distribution

Your Account Isn't Verified!

In order to create a playlist on Sporcle, you need to verify the email address you used during registration. Go to your Sporcle Settings to finish the process.